| 000 | 00978naa a22003377a 4500 | ||
|---|---|---|---|
| 001 | BR7701396 | ||
| 003 | BR-BrBNA | ||
| 005 | 20240918173931.0 | ||
| 007 | ta | ||
| 008 | 230509b bl.||||| |||| 00| 0 por d | ||
| 040 |
_aBR-BrBNA _bpor _cBiblioteca Nacional de Agricultura |
||
| 041 | _a(Pt) | ||
| 072 |
_aF25 _b0210 |
||
| 090 | _aF25 BR7701396 | ||
| 100 | 1 | _aBoock, O.J. | |
| 245 | 1 | _aOs micronutrientes na cultura da batata | |
| 260 | 3 |
_aBrasilia, DF (Brasil): _c1976. |
|
| 500 | _aTecnologia e producao de batatas-semente Brasilia, DF (Brasil): 1976. p. 81-96 (BR7701396-AM)F25 | ||
| 650 | _aBATATA | ||
| 650 | _aMICROELEMENTO | ||
| 650 | _aBORO | ||
| 650 | _aCLORO | ||
| 650 | _aCOBRE | ||
| 650 | _aFERRO | ||
| 650 | _aMANGANES | ||
| 650 | _aMOLIBDENIO | ||
| 650 | _aZINCO | ||
| 773 | 0 |
_tTecnologia e producao de batatas-semente _wF25 BR7701396 _gBrasilia, DF (Brasil), 1976. p. 81-96 |
|
| 909 |
_a202404 _bLucia _c55 _dLucia Elande |
||
| 942 |
_cAM _2AGRIS |
||
| 999 |
_c307785 _d307785 |
||